Tourism management : (Record no. 31614)

000 -LEADER
fixed length control field 00618nam a22001937a 4500
008 - FIXED-LENGTH DATA ELEMENTS--GENERAL INFORMATION
fixed length control field 230622b |||||||| |||| 00| 0 eng d
020 ## - INTERNATIONAL STANDARD BOOK NUMBER
International Standard Book Number 9780750682053
020 ## - INTERNATIONAL STANDARD BOOK NUMBER
International Standard Book Number 0750682051
050 ## - LIBRARY OF CONGRESS CALL NUMBER
Classification number G155
Item number .A1P34 2007
100 ## - MAIN ENTRY--PERSONAL NAME
Personal name Page Stephen
Dates associated with a name 1963-
245 ## - TITLE STATEMENT
Title Tourism management :
Remainder of title managing for change/
Statement of responsibility, etc. Stephen Page
250 ## - EDITION STATEMENT
Edition statement 2nd ed.
260 ## - PUBLICATION, DISTRIBUTION, ETC. (IMPRINT)
Place of publication, distribution, etc. Amsterdam :
Name of publisher, distributor, etc. Butterworth-Heinemann,
Date of publication, distribution, etc. 2007
300 ## - PHYSICAL DESCRIPTION
Extent xxi, 473p. :
Other physical details ill. ;
Dimensions 24 cm
504 ## - BIBLIOGRAPHY, ETC. NOTE
Bibliography, etc Include Bibliographic Ref. and index
650 ## - SUBJECT ADDED ENTRY--TOPICAL TERM
Topical term or geographic name as entry element Tourism Management
650 ## - SUBJECT ADDED ENTRY--TOPICAL TERM
Topical term or geographic name as entry element Tourism
942 ## - ADDED ENTRY ELEMENTS (KOHA)
Source of classification or shelving scheme
Koha item type Hard Covered Materials
Classification part G155 .A1P34 2007
Holdings
Withdrawn status Lost status Source of classification or shelving scheme Damaged status Not for loan Home library Current library Shelving location Date acquired Source of acquisition Cost, normal purchase price Total Checkouts Full call number Barcode Date last seen Price effective from Koha item type Date last checked out
          MACHAKOS UNIVERSITY LIBRARY MACHAKOS UNIVERSITY LIBRARY Open shelf 16/06/2023 Purchase-Falcon 5220.00   G155 .A1P34 2007 39418 22/06/2023 22/06/2023 Hard Covered Materials  
          MACHAKOS UNIVERSITY LIBRARY MACHAKOS UNIVERSITY LIBRARY   16/06/2023 Falcon 5220.00 1 G 155 .A1P34 2007 39420 24/07/2023 22/06/2023 Hard Covered Materials 10/07/2023
© Machakos University Library, Along The Highway, Machakos Wote Rd, Machakos, Kenya P.O. Box 136 - 90100 Machakos - Kenya

Tel: ( +254 ) 723 805829 OR Fax : 044-20353 OR Email: library@mksu.ac.ke